Normal view
MARC view
Entry Personal Name
001 - CONTROL NUMBER
- control field: 43985
003 - CONTROL NUMBER IDENTIFIER
- control field: ARRUPE
005 - DATE AND TIME OF LATEST TRANSACTION
- control field: 20190111102628.0
008 - FIXED-LENGTH DATA ELEMENTS
- fixed length control field: 190111|| aca||aabn | a|a d
040 ## - CATALOGING SOURCE
- Original cataloging agency: ARRUPE
- Transcribing agency: ARRUPE
100 ## - HEADING--PERSONAL NAME
- Personal name: Beach, David N.
670 ## - SOURCE DATA FOUND
- Source citation: Work cat.: (ARRUPE)58452: Beach, David N., The Shona and Zimbabwe 900-1850, 1980